[Event "Villarrica op 2nd"]
[Site "Villarrica"]
[Date "2022.02.13"]
[Round "6"]
[White "Heinechen, John"]
[Black "Frutos Moreno, Carlos Manuel"]
[Result "1-0"]
[WhiteElo "1985"]
[BlackElo "1440"]
[PlyCount "89"]
[EventDate "2022.02.11"]
[EventType "swiss"]
[EventRounds "7"]
[EventCountry "PAR"]
[SourceTitle "EXT 2023"]
[Source "ChessBase"]
[SourceDate "2022.10.05"]
[SourceVersion "1"]
[SourceVersionDate "2022.10.05"]
[SourceQuality "1"]

1. e4 c5 2. Nf3 Nc6 3. Nc3 g6 4. g3 Bg7 5. Bg2 Nf6 6. 0-0 0-0 7. d3 d5 8. Ng5 h6 9. exd5 Nb4 10. Nge4 Nfxd5 11. Nxd5 Nxd5 12. Nxc5 Qb6 13. Nb3 Be6 14. c4 Nb4 15. Be3 Qd8 16. Nc5 Bc8 17. Qd2 Nc6 18. Bxh6 Bxh6 19. Qxh6 Qd4 20. Ne4 Qxb2 21. Rab1 Qg7 22. Qh4 Qd4 23. Qh6 Rd8 24. Rfd1 Bg4 25. Rd2 Bc8 26. h4 Rd7 27. h5 Qg7 28. Qg5 gxh5 29. Qxh5 Ne5 30. Rb5 Ng6 31. Ng5 Rb8 32. Nxf7 Kxf7 33. Rf5+ Ke8 34. Rg5 Rd6 35. Be4 Kf7 36. f4 Bd7 37. f5 Rh8 38. fxg6+ Ke8 39. Qxh8+ Qxh8 40. g7 Qg8 41. Bh7 Qxh7 42. g8Q+ Qxg8 43. Rxg8+ Kf7 44. Rd8 e6 45. d4 1-0

[Event "PAR-ch qual1"]
[Site "Encarnacion"]
[Date "2019.03.02"]
[Round "2"]
[White "Frutos Moreno, Carlos Manuel"]
[Black "Melian, Juan Sebastian"]
[Result "0-1"]
[WhiteElo "1482"]
[BlackElo "1797"]
[PlyCount "74"]
[EventDate "2019.03.01"]
[EventType "swiss"]
[EventRounds "7"]
[EventCountry "PAR"]
[SourceTitle "CBM 192 Extra"]
[Source "Chessbase"]
[SourceDate "2019.11.06"]
[SourceVersion "1"]
[SourceVersionDate "2019.11.06"]
[SourceQuality "1"]

1. c4 e5 2. Nc3 Nc6 3. g3 g6 4. Bg2 Nge7 5. e4 Bg7 6. Nge2 d6 7. d3 Be6 8. Nd5 0-0 9. 0-0 Qd7 10. Be3 Nd4 11. Bxd4 exd4 12. Ndf4 c6 13. Nxe6 Qxe6 14. Nf4 Qd7 15. Rb1 Qc7 16. b4 a5 17. b5 a4 18. bxc6 bxc6 19. Rb4 Qa5 20. Qd2 c5 21. Rb2 Qxd2 22. Rxd2 Rfb8 23. e5 Ra6 24. exd6 Rxd6 25. Re2 Bf6 26. Nd5 Nxd5 27. Bxd5 a3 28. Rfe1 Kf8 29. Kg2 Rdb6 30. Bf3 Rb2 31. Kf1 Bg5 32. Rd1 Rxe2 33. Bxe2 Rb2 34. f4 Bd8 35. Ra1 Ba5 36. Bd1 Rxh2 37. Bb3 Rh1+ 0-1

[Event "PAR-ch U12"]
[Site "Asuncion"]
[Date "2019.02.04"]
[Round "1.2"]
[White "Zorrilla Videla, Maria Valentina"]
[Black "Frutos Moreno, Carlos Manuel"]
[Result "1/2-1/2"]
[WhiteElo "1200"]
[BlackElo "1445"]
[PlyCount "151"]
[EventDate "2019.02.04"]
[EventType "tourn"]
[EventRounds "9"]
[EventCountry "PAR"]
[SourceTitle "EXT 2023"]
[Source "ChessBase"]
[SourceDate "2022.10.05"]
[SourceVersion "1"]
[SourceVersionDate "2022.10.05"]
[SourceQuality "1"]

1. e4 d6 2. d4 Nf6 3. Bd3 g6 4. h3 c6 5. Nf3 Bg7 6. 0-0 0-0 7. Nc3 e5 8. dxe5 dxe5 9. Nxe5 Nxe4 10. Nxe4 Bxe5 11. Nc3 Bg7 12. Be3 Be6 13. Qd2 Nd7 14. Bh6 Nc5 15. Bxg7 Kxg7 16. Qf4 Nxd3 17. cxd3 Bf5 18. Rad1 Re8 19. Rfe1 Qd7 20. Ne4 Rad8 21. Nc5 Rxe1+ 22. Rxe1 Qd4 23. Qxd4+ Rxd4 24. Nxb7 Rb4 25. Nd8 c5 26. Re7 Rd4 27. Nxf7 Kf6 28. Rxa7 Rxd3 29. Nh6 Rd1+ 30. Kh2 Rd2 31. Ng8+ Ke5 32. Rxh7 Rxb2 33. Re7+ Kd6 34. Ra7 c4 35. Ra3 Rxf2 36. Kg3 Rc2 37. Ra6+ Ke5 38. Rc6 c3 39. a4 Rc1 40. a5 c2 41. a6 Ra1 42. a7 Rxa7 43. Nh6 Be4 44. Ng4+ Kd5 45. Rc8 Ra1 46. Ne3+ Ke5 47. Nxc2 Ra2 48. Ne1 Bf5 49. Nf3+ Kf6 50. Rc6+ Kg7 51. Nd4 Be4 52. Rc7+ Kf6 53. Nf3 g5 54. Rc4 Bxf3 55. gxf3 Kf5 56. h4 gxh4+ 57. Rxh4 Ra6 58. Rh5+ Kg6 59. Rd5 Kf6 60. Kg4 Kg6 61. f4 Kf6 62. Rh5 Kf7 63. f5 Rb6 64. Kg5 Rc6 65. Rh7+ Kf8 66. f6 Rc1 67. Rh4 Rg1+ 68. Rg4 Rxg4+ 69. Kxg4 Kf7 70. Kf5 Kf8 71. Ke6 Ke8 72. Ke5 Kf7 73. Kf5 Kf8 74. Kg6 Kg8 75. f7+ Kf8 76. Kf6 1/2-1/2

[Event "Asuncion Estandar op"]
[Site "Asuncion"]
[Date "2019.01.20"]
[Round "7"]
[White "Frutos Moreno, Carlos Manuel"]
[Black "Gonzalez, Augusto"]
[Result "1/2-1/2"]
[WhiteElo "1406"]
[BlackElo "1737"]
[PlyCount "77"]
[EventDate "2019.01.18"]
[EventType "swiss"]
[EventRounds "7"]
[EventCountry "PAR"]
[SourceTitle "CBM 188 Extra"]
[Source "ChessBase"]
[SourceDate "2019.02.26"]
[SourceVersion "1"]
[SourceVersionDate "2019.02.26"]
[SourceQuality "1"]

1. c4 Nf6 2. Nc3 e6 3. Nf3 d5 4. cxd5 exd5 5. d4 c6 6. Qc2 Be7 7. Bg5 Nbd7 8. e3 0-0 9. Bd3 Re8 10. 0-0 Nf8 11. Rab1 Ne4 12. Bxe7 Qxe7 13. b4 Ng6 14. b5 Nh4 15. Nxh4 Qxh4 16. bxc6 bxc6 17. Rfc1 Re6 18. Nxe4 dxe4 19. Bf1 Rh6 20. h3 Rg6 21. g3 Qg5 22. Bg2 f5 23. Qb3+ Kh8 24. Qb4 Qd8 25. Rc5 h5 26. Qa5 Qxa5 27. Rxa5 Kg8 28. h4 Kf8 29. Re5 Rf6 30. Bf1 Rd6 31. Bc4 g6 32. Bb3 Rb8 33. Rc1 Rb6 34. Rec5 Be6 35. R1c3 Bxb3 36. Rxb3 Rxb3 37. axb3 Ke7 38. Ra5 Rd7 39. Ra6 1/2-1/2

[Event "Asuncion Estandar op"]
[Site "Asuncion"]
[Date "2019.01.18"]
[Round "1"]
[White "Frutos Moreno, Carlos Manuel"]
[Black "Saldana, Fernando Javier"]
[Result "1-0"]
[WhiteElo "1406"]
[BlackElo "1706"]
[PlyCount "115"]
[EventDate "2019.01.18"]
[EventType "swiss"]
[EventRounds "7"]
[EventCountry "PAR"]
[SourceTitle "CBM 188 Extra"]
[Source "ChessBase"]
[SourceDate "2019.02.26"]
[SourceVersion "1"]
[SourceVersionDate "2019.02.26"]
[SourceQuality "1"]

1. c4 Nf6 2. Nc3 d6 3. g3 g6 4. Bg2 Bg7 5. e4 c5 6. Nge2 Nc6 7. 0-0 0-0 8. d3 Bd7 9. h3 a6 10. Be3 Rb8 11. Rb1 b5 12. Nd5 b4 13. b3 e6 14. Nxf6+ Bxf6 15. d4 Qe7 16. Kh2 e5 17. dxc5 dxc5 18. Rb2 Rfd8 19. Rd2 Nd4 20. Nc1 Bc6 21. Bxd4 Rxd4 22. Rxd4 cxd4 23. Nd3 Bg7 24. Qd2 a5 25. f4 exf4 26. Qxf4 Re8 27. e5 Bxg2 28. Kxg2 Rd8 29. Re1 Qd7 30. Rc1 Qc6+ 31. Kh2 f6 32. exf6 Bxf6 33. Rf1 Bg7 34. Qf7+ Kh8 35. Qf3 Qc7 36. Qf4 Qc8 37. Qg5 Qd7 38. Qxa5 Re8 39. Qxb4 Re2+ 40. Rf2 Rxf2+ 41. Nxf2 Qf7 42. Qb8+ Bf8 43. Qe5+ Bg7 44. Qb8+ Bf8 45. Qf4 Qg7 46. Nd3 h6 47. Qe5 Kg8 48. Qxg7+ Kxg7 49. Kg2 Kf6 50. Kf3 Ke6 51. Ke4 Bg7 52. a4 Kd6 53. c5+ Kc6 54. b4 Kb7 55. b5 Kc7 56. Nb4 Kb8 57. Na6+ Ka7 58. c6 1-0

[Event "PAR-ch sf"]
[Site "Asuncion"]
[Date "2018.08.15"]
[Round "8"]
[White "Frutos Moreno, Carlos Manuel"]
[Black "De la Vega, Ricardo"]
[Result "0-1"]
[WhiteElo "1239"]
[BlackElo "1485"]
[PlyCount "56"]
[EventDate "2018.08.10"]
[EventType "swiss"]
[EventRounds "9"]
[EventCountry "PAR"]
[SourceTitle "CBM 186 Extra"]
[Source "ChessBase"]
[SourceDate "2018.08.24"]
[SourceVersion "1"]
[SourceVersionDate "2018.08.24"]
[SourceQuality "1"]

1. c4 g6 2. Nc3 Bg7 3. g3 d6 4. Bg2 e5 5. e4 c6 6. Nge2 Na6 7. 0-0 Ne7 8. Rb1 Nc7 9. d3 0-0 10. b4 a6 11. Be3 Bd7 12. Bb6 Qc8 13. c5 dxc5 14. Bxc5 Re8 15. d4 Bh3 16. dxe5 Bxg2 17. Kxg2 Bxe5 18. f4 Bg7 19. Qd6 Nb5 20. Nxb5 cxb5 21. Rfd1 Nf5 22. Qd2 Rxe4 23. Rb3 Qe6 24. Kf2 Re8 25. Re1 Nh6 26. Re3 Ng4+ 27. Kf1 Nxe3+ 28. Bxe3 Rxe3 0-1

[Event "PAR-ch qual5"]
[Site "Asuncion"]
[Date "2018.07.07"]
[Round "4"]
[White "Avalos Arguello, Jose Mathias"]
[Black "Frutos Moreno, Carlos Manuel"]
[Result "1-0"]
[WhiteElo "1714"]
[BlackElo "1239"]
[PlyCount "56"]
[EventDate "2018.07.06"]
[EventType "swiss"]
[EventRounds "7"]
[EventCountry "PAR"]
[SourceTitle "EXT 2019"]
[Source "ChessBase"]
[SourceDate "2018.10.10"]
[SourceVersion "1"]
[SourceVersionDate "2018.10.10"]
[SourceQuality "1"]

1. d4 Nf6 2. c4 g6 3. Nc3 Bg7 4. e4 0-0 5. f4 d6 6. Nf3 Nbd7 7. e5 Ne8 8. c5 e6 9. Be3 d5 10. g4 Nb8 11. h4 Nc6 12. h5 Ne7 13. Qd2 f5 14. hxg6 Nxg6 15. Qh2 h6 16. g5 Kf7 17. Qh5 Rg8 18. Nh4 Bf8 19. gxh6 Be7 20. Nxg6 Rxg6 21. h7 Ng7 22. Qxg6+ Kxg6 23. h8Q Qxh8 24. Rxh8 Nh5 25. Be2 Bh4+ 26. Kd2 Nxf4 27. Bxf4 Be7 28. Rg1+ Kf7 1-0

[Event "Asuncion Clasificatorio op 4th"]
[Site "Asuncion"]
[Date "2018.06.11"]
[Round "6"]
[White "Frutos Moreno, Carlos Manuel"]
[Black "Melian, Juan Sebastian"]
[Result "1/2-1/2"]
[WhiteElo "1175"]
[BlackElo "1733"]
[PlyCount "103"]
[EventDate "2018.06.08"]
[EventType "swiss"]
[EventRounds "7"]
[EventCountry "PAR"]
[SourceTitle "CBM 184 Extra"]
[Source "ChessBase"]
[SourceDate "2018.06.28"]
[SourceVersion "1"]
[SourceVersionDate "2018.06.28"]
[SourceQuality "1"]

1. c4 g6 2. g3 Bg7 3. Bg2 c5 4. Nf3 Nc6 5. 0-0 d6 6. Nc3 e6 7. d3 Nge7 8. Nd2 0-0 9. Rb1 Rb8 10. Qc2 a6 11. e3 b5 12. a3 b4 13. Nce4 h6 14. axb4 Nxb4 15. Qb3 f5 16. Nc3 Qc7 17. Na2 Nec6 18. Nxb4 Nxb4 19. Nf3 Bb7 20. Bd2 Rfd8 21. Bxb4 Bxf3 22. Bxf3 Rxb4 23. Qc2 Rdb8 24. b3 Qb6 25. Qa2 Rxb3 26. Rxb3 Qxb3 27. Qxa6 Qxd3 28. Rd1 Rb1 29. Qc8+ Kh7 30. Rxb1 Qxb1+ 31. Kg2 Qb6 32. Qxe6 Qd8 33. Bd5 Qf8 34. Qf7 Qxf7 35. Bxf7 Be5 36. f4 Bc3 37. Kf3 Kg7 38. Bd5 Kf6 39. h3 g5 40. fxg5+ hxg5 41. g4 Be1 42. e4 f4 43. Bg8 Ke5 44. Bd5 Kd4 45. Bg8 Kd3 46. Bd5 Bh4 47. Bf7 Kd2 48. Bd5 Ke1 49. Be6 Kf1 50. Bd5 Kg1 51. Be6 Kh2 52. Bd5 1/2-1/2